000 00322 a2200109 4500
001 ART_30418
005 20260410162004.0
008 260409a
245 1 0 _aCoparticipación federal de impuestos
100 1 _aSalinardi, Mario A.
773 0 _tBoletín Informativo ASAP
_g- Nº 8 (dic. 1981)
_wREV30391
999 _c31504
_d31504